| 000 | 00604nam a22001817a 4500 | ||
|---|---|---|---|
| 999 |
_c491 _d491 |
||
| 001 | 4248 | ||
| 003 | BD-DhUAP | ||
| 005 | 20200123165630.0 | ||
| 008 | 200122s1995 bg ||||| |||| 00| 0 eng d | ||
| 040 |
_aBD-DhUAP _bEng _cBD-DhUAP _dBD-DhUAP |
||
| 082 |
_223 _a016.95492 BAN |
||
| 110 |
_aBangladesh, _bUniversity Grants Commission. |
||
| 245 |
_aSocial science research on population : _brural development and agriculture in the Bangladesh universities and colleges. |
||
| 260 |
_aDhaka : _bUGC, _c1995. |
||
| 300 |
_a133 pages ; _c25 cm. |
||
| 650 |
_aSocial science _vresearch _zBangladesh. |
||
| 942 |
_2ddc _cBK |
||